000 00495nam a2200181Ia 4500
005 20250324015858.0
008 240331s9999 xx 000 0 und d
082 _a303.4
_bSHA
_23004
100 _aShahani, L. R
245 0 _aMoral Imperatives of National Renewal:
_bReadings on the Moral Recovery Program
260 _aManila,
_bRepublic of the Philippines, Senate
_c1993
300 _a108 p.,
650 _aMorality
650 _aSociety
650 _aWomen
650 _aChild
942 _cL
999 _c1219
_d1219